000 00415nam a2200169Ia 4500
999 _c7019
_d7019
003 GBCCL
005 20241126110617.0
008 180706b ||||| |||| 00| 0 eng d
040 _cGBC
082 _a503
_bYOU
245 _aAnimals
260 _c2004.
_aNew Delhi:
_bPopular Prakashan,
300 _a124
440 _aYoung Discoverer Series
_912463
650 _aCuriosities and wonders
_912309
942 _2ddc
_cREF